000 00601nam a22002057a 4500
005 20251108174602.0
008 250721s2008 xx 000 0 ara d
020 _a9957121413
082 1 4 _a658.4013/طائ
100 1 _aالطائي، رعد عبد الله
_eمؤلف
245 1 0 _aإدارة الجودة الشاملة /
250 _aط.ملونة
264 1 _aعمان :
_bدار اليازوري،
_c2008.
300 _a395 ص.
650 1 7 _aاداره الاعمال
650 1 7 _aالجوده
700 1 _aقدادة، عيسى
_eمؤلف
942 _2ddc
_cBK
999 _c112909
_d112909